Popularizácia vedy a techniky na Slovensku diplomová práca

Enregistré dans:
Détails bibliographiques
Auteur principal: Vidová, Simona
Collectivité auteur: Národohospodárska fakulta EU. Katedra sociálneho rozvoja a práce
Autres auteurs: Kováčová, Jaroslava
Format: Livre
Langue:slovaque
Publié: Bratislava 2016
Tags: Ajouter un tag
Pas de tags, Soyez le premier à ajouter un tag!

MARC

LEADER 00000nbm a2200000 4500
001 0217880
005 20161115123217.5
041 0 |a slo 
044 |a SK 
245 1 0 |a Popularizácia vedy a techniky na Slovensku  |b diplomová práca  |c Simona Vidová ; školiteľ: Jaroslava Szüdi 
264 1 |a Bratislava  |c 2016 
300 |a 85 s. 
100 1 |a Vidová, Simona 
700 1 |a Kováčová, Jaroslava 
710 2 |a Národohospodárska fakulta EU. Katedra sociálneho rozvoja a práce